00634nam a2200193Ia 4500008004100000020001500041082001500056100001900071245003100090250000800121260004100129300002800170500001900198600002100217650005000238942000700288952013000295999001500425240925s9999 xx 000 0 und d a8120315634 a005.73 DWI aDwight, Jeffry 0aUsing CGI: special edition a2nd aNew Delhi:bThomson Learningc,1997. axxvi,788p.bNAfPirated aIncludes Index aComputer Science aComputer science, information & general works cBK 001040708CSaUITUbUITUd2001-06-27eRoyal Book Companyg325.13l0o005.73 DWIpQ3735r2024-09-25 07:13:15w2024-09-25yBK c6234d6234